Guinness world record 2011: (Record no. 3431)

MARC details
000 -LEADER
fixed length control field 00436nam a22001577a 4500
003 - CONTROL NUMBER IDENTIFIER
control field URS
005 - DATE AND TIME OF LATEST TRANSACTION
control field 20220114142510.0
008 - FIXED-LENGTH DATA ELEMENTS--GENERAL INFORMATION
fixed length control field 200226s2011 ph a|||| |||| 00| 0 eng d
040 ## - CATALOGING SOURCE
Transcribing agency URS
Language of cataloging eng
Modifying agency rda
050 14 - LIBRARY OF CONGRESS CALL NUMBER
Classification number AG 243
Item number .G9645 2011
245 00 - TITLE STATEMENT
Title Guinness world record 2011:
Remainder of title exploring with thousands of new records
260 ## - PUBLICATION, DISTRIBUTION, ETC.
Date of publication, distribution, etc. [2011]
300 ## - PHYSICAL DESCRIPTION
Other physical details with Illustration;
Dimensions 30 cm.
650 ## - SUBJECT ADDED ENTRY--TOPICAL TERM
Topical term or geographic name entry element Guiness World Records 2011
942 ## - ADDED ENTRY ELEMENTS (KOHA)
Source of classification or shelving scheme Library of Congress Classification
Koha item type Reference
Holdings
Withdrawn status Source of classification or shelving scheme Damaged status Not for loan Collection code Home library Current library Shelving location Date acquired Total Checkouts Full call number Barcode Date last seen Price effective from Koha item type
  Library of Congress Classification     Non-fiction Cainta College Library Cainta College Library On Display 01/24/2018   AG 243.G9645 2011 URSCAI-3416 01/24/2018 01/24/2018 Reference

University of Rizal System
Email us at univlibservices@urs.edu.ph

Visit our Website www.urs.edu.ph/library